Nusantara, a history of Indonesia / (Record no. 64541)
[ view plain ]
| 000 -LEADER | |
|---|---|
| fixed length control field | 00815nam a2200253 a 4500 |
| 001 - CONTROL NUMBER | |
| control field | 64541 |
| 003 - CONTROL NUMBER IDENTIFIER | |
| rucl marc code | BD-RjUL |
| 005 - DATE AND TIME OF LATEST TRANSACTION | |
| control field | 20211209081323.0 |
| 008 - FIXED-LENGTH DATA ELEMENTS--GENERAL INFORMATION | |
| fixed length control field | 170 s1959 ne b b 00110 eng d |
| 035 ## - SYSTEM CONTROL NUMBER | |
| System control number | (BD-RjUL)64671 |
| 040 ## - CATALOGING SOURCE | |
| Original cataloging agency | ANL |
| Language of cataloging | eng |
| Modifying agency | XNTU |
| -- | ANL |
| Transcribing agency | BD-RjUL |
| 041 ## - LANGUAGE CODE | |
| Language code of text/sound track or separate title | eng |
| 082 0# - DEWEY DECIMAL CLASSIFICATION NUMBER | |
| Classification number | 959.8 |
| Edition number | 23 |
| Author mark and year | VLN 1959 |
| 100 1# - MAIN ENTRY--PERSONAL NAME | |
| Personal name | Vlekke, Bernard H. M. |
| Fuller form of name | (Bernard Hubertus Maria), |
| Dates associated with a name | 1899- |
| 9 (RLIN) | 191437 |
| 245 10 - TITLE STATEMENT | |
| Title | Nusantara, a history of Indonesia / |
| Statement of responsibility, etc. | by Bernard H. M. Vlekke. |
| 260 ## - PUBLICATION, DISTRIBUTION, ETC. (IMPRINT) | |
| Place of publication, distribution, etc. | The Hague : |
| Name of publisher, distributor, etc. | Van Hoeve, |
| Date of publication, distribution, etc. | 1959. |
| 300 ## - PHYSICAL DESCRIPTION | |
| Pagination | viii, 479 p. : |
| Illustrations | ill. ; |
| Size | 22 cm. |
| 500 ## - GENERAL NOTE | |
| General note | Earlier editions published in 1943 and 1945. |
| General note | includes index. |
| 504 ## - BIBLIOGRAPHY, ETC. NOTE | |
| Bibliography, etc | Bibliography: p. 400-440. |
| 651 #0 - SUBJECT ADDED ENTRY--GEOGRAPHIC NAME | |
| Geographic name | Indonesia |
| General subdivision | History. |
| 9 (RLIN) | 191438 |
| Geographic name | Netherlands |
| General subdivision | Colonies |
| Geographic subdivision | Asia. |
| 9 (RLIN) | 191439 |
| 942 ## - ADDED ENTRY ELEMENTS (KOHA) | |
| Source of classification or shelving scheme | Dewey Decimal Classification |
| Koha item type | Books |
| Lost status | Source of classification or shelving scheme | Damaged status | Not for loan | Collection code | Permanent Location | Current Location | Shelving location | Date acquired | Source of acquisition | Cost, normal purchase price | Total Checkouts | Full call number | Date last seen | Copy number | Koha item type |
|---|---|---|---|---|---|---|---|---|---|---|---|---|---|---|---|
| Dewey Decimal Classification | Not For Loan | Non-fiction | Central Library, University of Rajshahi | Central Library, University of Rajshahi | Reading Room | 08/12/1965 | Zeittinger | 80.00 | 959.8 VLN 1959 | 16/02/2017 | C-1 | Books |